000
00322nam a22001457a 4500
020
_a
0-571-20354-X
082
_a
823
_b
ARD/A
100
_a
ARDAGH, PHILIP
245
_a
AWFUL END
260
_a
LONDON
_b
FABER AND FABER LIMITED
_c
2000
300
_a
129
520
_a
CHILDRENS NOVEL
650
_a
ENGLISH NOVEL
942
_c
BK
999
_c
5729
_d
5729